History Quiz

Random History Quiz
Score 0/89 Timer 15:00
0 Plays Today
Term Senator % Correct
1981-1990Michael Macklin
100%
1997-2008Andrew Bartlett
100%
1922-1923; 1928; 1932-1937John MacDonald
50%
1950-1978Ian Wood
50%
1965-1974Vince Gair
50%
1975-1999Mal Colston
50%
1990-Ian Macdonald
50%
1990-1997Cheryl Kernot
50%
1993-2001John Woodley
50%
1996-2014John Hogg
50%
2001-2005John Cherry
50%
2011-Larissa Waters
50%
1901-1906William Higgs
0%
1901-1906Anderson Dawson
0%
1901-1906James Drake
0%
1901-1917James Stewart
0%
1901-1903John Ferguson
0%
1901-1903Thomas Glassey
0%
1904-1917Harry Turley
0%
1904-1928Thomas Givens
0%
1907-1913Thomas Chataway
0%
1907-1913Robert Sayers
0%
1907-1913Anthony St Ledger
0%
1913-1920Myles Ferricks
0%
1913-1920William Ryott Maughan
0%
1913-1917John Mullan
0%
1917-1946Thomas Crawford
0%
1917-1947Harry Foll
0%
1917-1935Matthew Reid
0%
1920-1922John Adamson
0%
Term Senator % Correct
1920-1932Sir William Glasgow
0%
1923-1932William Thompson
0%
1928-1932; 1935-1968Sir Walter Cooper
0%
1932-1965Gordon Brown
0%
1932-1950Joe Collings
0%
1937-1962Ben Courtice
0%
1947-1962Neil O'Sullivan
0%
1947-1971Dame Annabelle Rankin
0%
1950-1968Archie Benn
0%
1950-1965Ted Maher
0%
1950-1965Roy Kendall
0%
1950-1951Wilfrid Simmonds
0%
1951-1959; 1968-1974Condon Byrne
0%
1959-1971Felix Dittmer
0%
1962-1966Bob Sherrington
0%
1962Max Poulter
0%
1962-1963George Whiteside
0%
1963-1968Kenneth Morris
0%
1965-1975Ellis Lawrie
0%
1965-1983Jim Keeffe
0%
1966-1968Bill Heatley
0%
1968-1975Bertie Milliner
0%
1968-1987George Georges
0%
1968-1981Ron Maunsell
0%
1971-1981Ron McAuliffe
0%
1971-1983Neville Bonner
0%
1974-1984Kathy Martin
0%
1974-1981; 1985-1990Glen Sheil
0%
1975Albert Field
0%
1975-1987Stan Collard
0%
Term Senator % Correct
1978-1999David MacGibbon
0%
1981-1993Florence, Lady Bjelke-Petersen
0%
1981-1996Gerry Jones
0%
1983-2014Ron Boswell
0%
1983-1999Margaret Reynolds
0%
1984-2000Warwick Parer
0%
1985-1990John Black
0%
1987-1996Bryant Burns
0%
1987-1990John Stone
0%
1990-1999Bill O'Chee
0%
1990-2002John Herron
0%
1996-2002Brenda Gibbs
0%
1999-Jan McLucas
0%
1999-Joe Ludwig
0%
1999-2015Brett Mason
0%
1999-2005Len Harris
0%
2000-George Brandis
0%
2002-Claire Moore
0%
2002-2007Santo Santoro
0%
2005-2011Russell Trood
0%
2005-2013Barnaby Joyce
0%
2007-2014Sue Boyce
0%
2008-2014Mark Furner
0%
2013-Barry O'Sullivan
0%
2014-Matthew Canavan
0%
2014-Chris Ketter
0%
2014-Glenn Lazarus
0%
2014-James McGrath
0%
2015-Joanna Lindgren
0%

You're not logged in!

Compare scores with friends on all Sporcle quizzes.
OR
Log In

Sporcle TV

Today on Sporcle TV


Watch our educational content, quiz creation guides, and fun videos on Sporcle TV.

Show Comments

Extras

Top Quizzes Today


Score Distribution

Paid Content

Your Account Isn't Verified!

In order to create a playlist on Sporcle, you need to verify the email address you used during registration. Go to your Sporcle Settings to finish the process.

Report this User

Report this user for behavior that violates our Community Guidelines.

Details: